[Event "It"]
[Site "Evry FRA"]
[Date "2001.03.18"]
[Round "4"]
[White "Velikov,P"]
[Black "Bergez,L"]
[Result "1-0"]
[WhiteElo "2461"]
[BlackElo "2426"]

1.c4 c6 2.Nf3 d5 3.e3 Nf6 4.Nc3 e6 5.d4 Nbd7 6.Qc2 Bd6 7.Be2 O-O 8.O-O e5
9.cxd5 Nxd5 10.Nxd5 cxd5 11.dxe5 Nxe5 12.Nd4 Qh4 13.h3 Bxh3 14.gxh3 Qxh3
15.f4 Qg3+ 16.Kh1 f5 17.Bf3 Nxf3 18.Nxf3 Qh3+ 19.Nh2 Rac8 20.Qg2 Qxg2+ 21.Kxg2 Rc2+
22.Rf2 Rfc8 23.Rxc2 Rxc2+ 24.Kg3 d4 25.Nf3 dxe3 26.Bxe3 Rxb2 27.Bxa7 b6 28.Rd1 Bc7
29.Rd7 Rc2 30.Ng5 Rc3+ 31.Kg2 Rc4 32.Bb8 Rxf4 33.Bxc7 Rg4+ 34.Kf3 Rxg5 35.Bxb6 h5
36.a4 h4 37.a5 Rg3+ 38.Kf4 Ra3 39.Kxf5 h3 40.Rd4 Kf7 41.Rh4 g6+ 42.Kg4 Ke6
43.Rh6 Kd5 44.Rxg6 h2 45.Rh6 Ra2 46.Bc7 Kc5 47.Kf3 Kb5 48.Ke4 Kc5 49.Bb6+ Kb5
50.Kd4 Rd2+ 51.Kc3 Ra2 52.Bd8 Re2 53.Bb6 Ra2 54.Kd3 Rg2 55.Bc7 Ra2 56.Bxh2 Rxa5
57.Be5 Ra3+ 58.Kd4 Ra8 59.Kd5 Ka5 60.Rh3 Rg8 61.Rb3 Rg5 62.Kd4 Rh5 63.Rb2 Rf5
64.Rb7 Rh5 65.Ke4 Ka6 66.Rb3 Ka5 67.Bd6 Ka6 68.Rb8 Ka5 69.Kd3 Ka6 70.Rb3 Ka5
71.Kc4 Rh7 72.Bc5 Ka6 73.Rb8 Rc7 74.Rb6+ Ka5 75.Rh6 Rf7 76.Bb4+  1-0

[Event "Tch-AUT 2000-01"]
[Site "Fuerstenfeld AUT"]
[Date "2001.03.18"]
[Round "11"]
[White "Beckhuis,G"]
[Black "Madl,I"]
[Result "1/2-1/2"]
[WhiteElo "2320"]
[BlackElo "2394"]

1.Nf3 d5 2.d4 c6 3.c4 Nf6 4.Nc3 e6 5.e3 Nbd7 6.Bd3 dxc4 7.Bxc4 b5 8.Bd3 Bb7
9.O-O a6 10.e4 c5 11.d5 Qc7 12.dxe6 fxe6 13.Bc2 Bd6 14.Ng5 Nf8 15.f4 O-O-O
16.Qe1 e5 17.Bd2 h6 18.Nf3 N8d7 19.Nd5 Bxd5 20.exd5 exf4 21.Ba5 Nb6 22.Bf5+ Kb7
23.Be6 Rhe8 24.a4 b4 25.Rc1 Ka7 26.Nd4 Nfxd5 27.Bxd5 Rxe1 28.Rfxe1 cxd4 29.Rxc7+ Bxc7
30.Bf3 Bd6 31.Re6 d3 32.Kf1 d2 33.Bxb6+ Kxb6 34.Ke2 Ka5 35.b3 Bc5 36.Kd1 Rd6
37.Rxd6 Bxd6  1/2-1/2

[Event "Amber Rapidplay"]
[Site "Monaco MNC"]
[Date "2001.03.18"]
[Round "2"]
[White "Ljubojevic,L"]
[Black "Anand,V"]
[Result "0-1"]
[WhiteElo "2566"]
[BlackElo "2790"]

1.d4 d5 2.Nf3 e6 3.c4 Nf6 4.Nc3 c6 5.e3 Nbd7 6.Qc2 Bd6 7.Bd3 O-O 8.O-O dxc4
9.Bxc4 a6 10.a3 c5 11.dxc5 Bxc5 12.b4 Be7 13.Bb2 b5 14.Bb3 Bb7 15.Qe2 Qb6
16.Rfd1 Rfd8 17.Rd2 Nf8 18.Rad1 Rxd2 19.Rxd2 Ng6 20.h3 Rc8 21.Rd4 Qc7 22.Rd2 Bd6
23.Qd1 Bf8 24.Ne2 Bxf3 25.gxf3 Nh4 26.Ng3 Qb7 27.e4 Be7 28.Rd3 Ng6 29.e5 Ne8
30.Qd2 h6 31.Ne4 Nh4 32.Qe2 Rd8 33.Nc5 Qc8 34.Rc3 Bxc5 35.bxc5 Nf5 36.Rc1 Nc7
37.Qe4 Nd5 38.a4 Qc7 39.axb5 axb5 40.c6 Nde7 41.Ba3 Ng6 42.Bb2 Rc8 43.Rc5 Qb6
44.Qb4 Qd8 45.Kf1 Qd3+ 46.Kg1 Ngh4 47.Rc3 Qd2 48.Ba3 Qe1+  0-1

[Event "TCh-SVK"]
[Site "SVK"]
[Date "2001.03.18"]
[Round "11"]
[White "Pal,P"]
[Black "Lisko,F"]
[Result "1/2-1/2"]
[WhiteElo "2254"]
[BlackElo "2339"]

1.Nf3 d5 2.d4 Nf6 3.c4 e6 4.Nc3 c6 5.e3 Nbd7 6.Qc2 Bd6 7.g4 Bb4 8.Bd2 b6
9.Rg1 Bb7 10.g5 Bxc3 11.Bxc3 Ne4 12.cxd5 exd5 13.Bd3 Nxc3 14.Qxc3 O-O 15.Bf5 c5
16.Qd3 g6 17.Bxd7 Qxd7 18.Ne5 Qe7 19.f4 Bc8 20.Rc1 Bf5 21.Qd2 Be6 22.Ke2 Rac8
23.h4 cxd4 24.Qxd4 Rc5 25.b4 Rcc8 26.Rc6 Bd7 27.b5 Bxc6 28.Nxc6 Qe6 29.h5 Rxc6
30.bxc6 Qxc6 31.Rd1 gxh5  1/2-1/2

[Event "Open"]
[Site "Bad Woerishofen GER"]
[Date "2001.03.19"]
[Round "5"]
[White "Levin,F"]
[Black "Senff,M"]
[Result "1-0"]
[WhiteElo "2531"]
[BlackElo "2443"]

1.d4 Nf6 2.c4 e6 3.Nf3 d5 4.Nc3 c6 5.e3 Nbd7 6.Qc2 Bd6 7.b3 O-O 8.Be2 Qe7
9.O-O dxc4 10.bxc4 e5 11.Rd1 Re8 12.Rb1 e4 13.Nd2 Nf8 14.c5 Bc7 15.Nc4 Ng6
16.Ba3 Nh4 17.Nd6 Bxd6 18.cxd6 Qe6 19.Bf1 Qg4 20.Kh1 Qh5 21.Ne2 Nxg2 22.Ng3 Qh4
23.Kxg2 Ng4 24.h3 Nxe3+ 25.fxe3 Bxh3+ 26.Kf2 Re6 27.Bxh3 Qxh3 28.Rg1 Rf6+
29.Ke1 Rf3 30.Qxe4 Rxg3 31.Rxg3 Qxg3+ 32.Kd1 Qh3 33.Rxb7 Qf1+ 34.Kc2  1-0

[Event "Open"]
[Site "Bad Woerishofen GER"]
[Date "2001.03.20"]
[Round "6"]
[White "Nenashev,A"]
[Black "Levin,F"]
[Result "1/2-1/2"]
[WhiteElo "2649"]
[BlackElo "2531"]

1.d4 d5 2.c4 e6 3.Nc3 c6 4.e3 Nf6 5.Nf3 Nbd7 6.Bd3 dxc4 7.Bxc4 b5 8.Bd3 Bd6
9.a4 b4 10.Nb1 c5 11.Nbd2 cxd4 12.Nc4 Be7 13.Nxd4 Bb7 14.f3 O-O 15.e4 Ne5
16.Nxe5 Qxd4 17.Nc4 Rfd8 18.Be2 Qxd1+ 19.Bxd1 Ba6 20.Na5 Rac8 21.Be3 Bc5
22.Bxc5 Rxc5 23.Nb3 Rc7  1/2-1/2

[Event "Open"]
[Site "Bad Woerishofen GER"]
[Date "2001.03.21"]
[Round "7"]
[White "Aleksandrov,A"]
[Black "Sprenger,J"]
[Result "1/2-1/2"]
[WhiteElo "2610"]
[BlackElo "2326"]

1.d4 d5 2.c4 c6 3.Nc3 Nf6 4.e3 e6 5.Nf3 Nbd7 6.Bd3 dxc4 7.Bxc4 b5 8.Be2 Bb7
9.O-O Be7 10.e4 b4 11.e5 bxc3 12.exf6 Bxf6 13.bxc3 c5 14.dxc5 O-O 15.Ba3 Be7
16.Rb1 Bd5 17.c4 Be4 18.Rb5 Bc6 19.Qd4 Qc7 20.Rbb1 Rfd8 21.Qe3 Ba4 22.Bb2 Bxc5
23.Qe4 Nf8 24.h4 f6 25.h5 h6 26.Nd4 Bxd4 27.Bxd4 Bc6 28.Qh4 e5 29.Be3 f5
30.f4 Ne6 31.Rbe1 exf4 32.Bxf4 Qb6+ 33.Kh2 Rd4 34.Qg3 Nxf4 35.Rxf4 Be4 36.Bf3 Rxc4
37.Rxf5 Bxf5 38.Bd5+ Kh7 39.Bxc4 Rd8 40.Re7 Qd4 41.Rf7 Bc2 42.Be6 Re8 43.Bh3 a5
44.Rc7 Be4 45.Rc3 Rf8 46.Qe3 Qd6+ 47.Qg3 Qd4 48.Qe3 Qd6+  1/2-1/2

[Event "World Cup of Rapid Chess Gp B"]
[Site "Cannes FRA"]
[Date "2001.03.21"]
[Round "3"]
[White "Tkachiev,V"]
[Black "Gurevich,M"]
[Result "1/2-1/2"]
[WhiteElo "2672"]
[BlackElo "2694"]

1.d4 d5 2.c4 c6 3.Nc3 Nf6 4.e3 e6 5.Nf3 Nbd7 6.Bd3 dxc4 7.Bxc4 b5 8.Bd3 b4
9.Ne4 Be7 10.Nxf6+ Nxf6 11.e4 Bb7 12.Qe2 Nd7 13.O-O O-O 14.Rd1 Rc8 15.Be3 Qc7
16.Rac1 Qb8 17.Ba6 Rfd8 18.h3 h6 19.Bxb7 Qxb7 20.Rc4 Qa6 21.Rdc1 Qxa2 22.Rxc6 Rxc6
23.Rxc6 Qb1+ 24.Bc1 Nc5 25.dxc5 Qxc1+ 26.Kh2 a5 27.g3 a4 28.Ra6 Bxc5 29.Rxa4 Qd1
30.Qxd1 Rxd1 31.Kg2 Rc1 32.Ne5 Bd4 33.Nf3 Bxb2 34.Rxb4  1/2-1/2

[Event "Amber Rapidplay"]
[Site "Monaco MNC"]
[Date "2001.03.23"]
[Round "6"]
[White "Piket,Je"]
[Black "Anand,V"]
[Result "1/2-1/2"]
[WhiteElo "2632"]
[BlackElo "2790"]

1.d4 d5 2.c4 c6 3.Nc3 Nf6 4.e3 e6 5.Nf3 Nbd7 6.Bd3 Bd6 7.e4 dxe4 8.Nxe4 Nxe4
9.Bxe4 e5 10.O-O exd4 11.Qxd4 Qf6 12.Rd1 Be7 13.Bc2 Qxd4 14.Nxd4 Nc5 15.Re1 g6
16.Bh6 Ne6 17.Rad1 Nxd4 18.Rxd4 Be6 19.b3 Bf8 20.Bxf8 Kxf8 21.f4 Re8 22.Kf2 Kg7
23.Be4 Rd8 24.Red1 Rxd4 25.Rxd4 Kf6 26.c5 Rc8 27.Ra4 a6 28.Rd4 Ke7 29.Ke3 Rc7
30.h4 h6 31.g3 Rd7 32.Rxd7+ Bxd7 33.Kd4 Bg4 34.Ke5 f6+ 35.Kd4 Bh5 36.Kc3 Kd7
37.Kb4 Kc7 38.Ka5 g5 39.Bd3 gxf4 40.gxf4 Bg4 41.b4 Bf3 42.a4 Bd5  1/2-1/2

[Event "Open"]
[Site "Bled SLO"]
[Date "2001.03.24"]
[Round "1"]
[White "Jovan,R"]
[Black "Filippov,V"]
[Result "0-1"]
[WhiteElo "2125"]
[BlackElo "2619"]

1.d4 Nf6 2.c4 e6 3.Nf3 d5 4.Nc3 c6 5.e3 Nbd7 6.Bd3 dxc4 7.Bxc4 b5 8.Bd3 a6
9.e4 c5 10.d5 Qc7 11.dxe6 fxe6 12.Ng5 Ne5 13.Be2 h6 14.Nf3 Bd6 15.Nxe5 Bxe5
16.Bh5+ Ke7 17.O-O Bxh2+ 18.Kh1 Bf4 19.Bf3 Be5 20.Qc2 Bb7 21.Be3 c4 22.Rac1 Rac8
23.Ne2 g5 24.g3 g4 25.Bg2 h5 26.Bg5 h4 27.Kg1 Rcg8 28.Bxf6+ Bxf6 29.gxh4 Rxh4
30.Ng3 Be5 31.Qd2 Qc5 32.Rc3 b4 33.Re3 Bf4 34.Rd1 Bc6 35.e5 Bxe3 36.fxe3 Rh3
37.Qd6+ Qxd6 38.exd6+ Kd7 39.Bxh3 gxh3 40.Kh2 Bf3 41.Rd2 c3 42.bxc3 bxc3
43.Rf2 Bg2 44.Rc2 Rc8 45.Ne2 Kxd6 46.Rxc3 Rxc3 47.Nxc3 Kc5 48.Kg3 Kc4 49.Na4 a5
50.Nb6+ Kb4 51.a4 Bc6 52.Kxh3 Kc5 53.Nc8 Bxa4 54.Kg3 Bd7 55.Ne7 a4  0-1

[Event "Open"]
[Site "Bled SLO"]
[Date "2001.03.24"]
[Round "1"]
[White "Atalik,S"]
[Black "Skok,B"]
[Result "1-0"]
[WhiteElo "2543"]
[BlackElo "2109"]

1.d4 d5 2.c4 c6 3.Nf3 Nf6 4.Nc3 e6 5.e3 Nbd7 6.Qc2 Bd6 7.Bd3 a6 8.e4 dxe4
9.Nxe4 Nxe4 10.Bxe4 h6 11.Be3 Nf6 12.Bd3 Qc7 13.c5 Bf4 14.g3 Bxe3 15.fxe3 Nd7
16.O-O O-O 17.Nd2 Nf6 18.Nc4 Qe7 19.e4 e5 20.Nxe5 Bh3 21.Rf4 Rad8 22.Qc3 Nd7
23.Nc4 Nxc5 24.dxc5 Qxc5+ 25.Rf2 b5 26.Be2 bxc4 27.g4 Bxg4 28.Bxg4 Rd3 29.Qc1 Re3
30.Qc2 h5 31.Be2 c3 32.Rd1 Rb8 33.b3 Re8 34.Bc4 Re7 35.e5 g6  1-0

[Event "Tch-NED"]
[Site "NED"]
[Date "2001.03.24"]
[Round "7"]
[White "Douven,R"]
[Black "Kroeze,F"]
[Result "0-1"]
[WhiteElo "2408"]
[BlackElo "2374"]

1.d4 d5 2.c4 c6 3.Nc3 e6 4.e3 Nf6 5.Nf3 Nbd7 6.Qc2 Bd6 7.Bd3 O-O 8.O-O dxc4
9.Bxc4 b5 10.Bd3 Bb7 11.h3 b4 12.Na4 c5 13.dxc5 Rc8 14.Qe2 Nxc5 15.Nxc5 Bxc5
16.e4 Qc7 17.Bg5 Nh5 18.Qd2 f5 19.Rfe1 fxe4 20.Bxe4 Bxe4 21.Rxe4 Rxf3 22.gxf3 Qg3+
23.Kf1 Qxf3 24.Rg4 Qxh3+ 25.Rg2 Qh1+ 26.Rg1 Ng3+  0-1

[Event "Tch-NED"]
[Site "NED"]
[Date "2001.03.24"]
[Round "7"]
[White "Van der Vliet,F"]
[Black "Kuipers,E"]
[Result "0-1"]
[WhiteElo "2334"]
[BlackElo "2263"]

1.d4 Nf6 2.c4 e6 3.Nf3 d5 4.Nc3 c6 5.e3 Be7 6.Bd3 Nbd7 7.e4 dxe4 8.Nxe4 Nxe4
9.Bxe4 Nf6 10.Bc2 O-O 11.O-O c5 12.dxc5 Qxd1 13.Rxd1 Bxc5 14.Ne5 h6 15.Rb1 a5
16.Bd2 b6 17.Bc3 Bb7 18.Bd4 Rac8 19.Rbc1 Ba6 20.a4 Bb7 21.b3 Rfd8 22.Bxc5 bxc5
23.f3 Kf8 24.Kf2 Ke7 25.Ke2 Nd7 26.Nd3 Nb8 27.Ke1 f6 28.Rd2 g5 29.Rcd1 Ba8
30.Kf2 h5 31.Ne1 Rxd2+ 32.Rxd2 Nc6 33.Nd3 Nd4 34.Bd1 e5 35.Nc1 f5 36.Na2 g4
37.Nc3 Kf6 38.Nb5 Rg8 39.f4 h4 40.fxe5+ Kxe5 41.Nxd4 cxd4 42.c5 Be4 43.Be2 g3+
44.hxg3 hxg3+ 45.Kg1 Rc8 46.Bc4 Rxc5 47.Kf1 Rc8  0-1

[Event "ch-BUL Women"]
[Site "Plovdiv BUL"]
[Date "2001.03.24"]
[Round "5"]
[White "Genova,R"]
[Black "Velcheva,M"]
[Result "0-1"]
[WhiteElo "2198"]
[BlackElo "2273"]

1.d4 d5 2.c4 e6 3.Nf3 c6 4.e3 Nf6 5.Nc3 Nbd7 6.Qc2 b6 7.b3 Bb7 8.Bb2 Be7
9.Bd3 Qc7 10.O-O Rd8 11.Rad1 h6 12.Qe2 O-O 13.e4 dxe4 14.Nxe4 c5 15.dxc5 bxc5
16.Ng3 Qc6 17.Rfe1 Rfe8 18.Bc2 Bf8 19.Qe3 g6 20.Qc1 e5 21.Ne4 Qe6 22.Nxf6+ Qxf6
23.Be4 Bxe4 24.Rxe4 Qf5 25.Re2 f6 26.h3 g5 27.Red2 Be7 28.Rd5 Nf8 29.Rxd8 Rxd8
30.Rxd8 Bxd8 31.Qd1 Be7 32.Ba3 Ne6 33.Qd7 Kf7 34.Qxa7 Qb1+ 35.Kh2 Qf1 36.Qa5 Nf4
37.Ne1 Qxf2 38.Qa8 Qxe1 39.Bxc5 Bxc5 40.Qb7+ Kg6  0-1

[Event "Open"]
[Site "Bled SLO"]
[Date "2001.03.27"]
[Round "4"]
[White "Skok,B"]
[Black "Rezonja,S"]
[Result "1/2-1/2"]
[WhiteElo "2109"]
[BlackElo "2162"]

1.d4 d5 2.c4 c6 3.Nc3 Nf6 4.e3 e6 5.Nf3 Nbd7 6.Qc2 Be7 7.g4 Nxg4 8.Rg1 Ngf6
9.Rxg7 Bf8 10.Rg1 dxc4 11.Bxc4 b5 12.Be2 Bb7 13.Bd2 a6 14.e4 c5 15.dxc5 b4
16.Na4 Bxe4 17.Qc4 Qc7 18.Bxb4 Qc6 19.Qb3 Bd5 20.Qd1 Bxc5 21.Nxc5 Nxc5 22.Rc1 Nfe4
23.Kf1 a5 24.Bxc5 Nxc5 25.Qd4 Bxf3 26.Qxh8+ Ke7 27.Qe5 Bxe2+ 28.Qxe2 Qd5
29.Qc4 Qd3+ 30.Qxd3 Nxd3 31.Rc2 Nf4 32.Rg3 Rd8 33.Ke1 Rd5 34.Rd2 Re5+ 35.Kd1 Rh5
36.f3 Nd5 37.Rg1 Rh3 38.Rg3 Rh4 39.Ke1 h5 40.Kd1 Ne3+ 41.Ke1 Nf5 42.Rgg2 Rf4
43.Rd3 Rc4 44.Kd1 Rf4 45.Re2 Rh4 46.b3 f6 47.Rb2 e5 48.a3 Rh3 49.Re2 Kf7
50.Kd2 Rh4 51.Kc3 Nd4 52.Rf2 Rf4 53.b4 axb4+ 54.axb4 Nb5+ 55.Kb3 e4 56.Rd5 Nd4+
57.Rxd4 e3 58.Re2 Rxd4 59.Rxe3 f5 60.b5 Kf6 61.Kc2 Rh4 62.b6 Rxh2+ 63.Kc3 Rg2
64.f4 h4 65.Kc4 Rb2 66.Kc5 Kg6 67.Re8 h3 68.Rh8 h2 69.Kc6 Rc2+ 70.Kd7 Rd2+
71.Kc8 Rc2+ 72.Kb8 Rb2 73.b7 Rc2 74.Ka7 Ra2+ 75.Kb6 Rb2+ 76.Kc6 Rc2+ 77.Kd7 Rd2+
78.Kc7 Rc2+  1/2-1/2

[Event "Open"]
[Site "Bled SLO"]
[Date "2001.03.28"]
[Round "5"]
[White "Vismara,D"]
[Black "Caoili,A"]
[Result "0-1"]
[WhiteElo "2201"]
[BlackElo "2132"]

1.Nf3 Nf6 2.c4 e6 3.Nc3 d5 4.d4 c6 5.e3 Nbd7 6.Qc2 Bd6 7.Bd3 O-O 8.O-O dxc4
9.Bxc4 b5 10.Be2 Bb7 11.Rd1 Qc7 12.e4 e5 13.g3 Rfe8 14.a3 a5 15.dxe5 Nxe5
16.Bg5 Nxf3+ 17.Bxf3 Qe7 18.Bg2 h6 19.Bxf6 Qxf6 20.f4 Qg6 21.Rac1 Bc5+ 22.Kh1 Be3
23.Ra1 b4 24.Rd3 Ba7 25.axb4 axb4 26.Rd7 Reb8 27.f5 Qf6 28.Nd1 Qe5 29.Bf3 Qe8
30.Qd3 Rd8 31.Rxd8 Rxd8 32.Qb3 Bc5 33.Ne3 Rd4 34.Ng2 Qe5 35.Re1 Ba6 36.Nf4 Rd2
37.Rd1 Qd4 38.Rxd2 Qg1+  0-1

[Event "Open"]
[Site "Bled SLO"]
[Date "2001.03.28"]
[Round "5"]
[White "Kozul,Z"]
[Black "Philipowski,R"]
[Result "1-0"]
[WhiteElo "2594"]
[BlackElo "2255"]

1.Nf3 d5 2.c4 c6 3.e3 Nf6 4.Nc3 e6 5.d4 Nbd7 6.Bd3 dxc4 7.Bxc4 b5 8.Bd3 a6
9.e4 c5 10.d5 c4 11.Bc2 e5 12.O-O Bd6 13.Ne2 Nc5 14.Ng3 O-O 15.Bg5 h6 16.Bd2 a5
17.b3 cxb3 18.axb3 Bd7 19.h3 b4 20.Re1 Re8 21.Be3 Rc8 22.Ra2 Rb8 23.Nd2 Bf8
24.Qf3 g6 25.Rea1 a4 26.Bxc5 Bxc5 27.bxa4 h5 28.Bb3 h4 29.Ne2 g5 30.Rc2 g4
31.hxg4 Bxg4 32.Qd3 Qb6 33.Rf1 Nh5 34.Nc4 Qg6 35.Ne3 Bxe3 36.Qxe3 Bxe2 37.Qxe2 Kh8
38.Qf3 Rg8 39.Kh1 Rg7 40.Rc6 Qg5 41.Rfc1 Nf4 42.Rc8+ Rxc8 43.Rxc8+ Kh7 44.d6 Nxg2
45.Qf5+ Qxf5 46.exf5 Ne1 47.f6 Rg4 48.d7  1-0

[Event "TCh-FRA"]
[Site "Mulhouse FRA"]
[Date "2001.03.29"]
[Round "4"]
[White "Vallin,G"]
[Black "Nezar,M"]
[Result "1/2-1/2"]
[WhiteElo "2396"]
[BlackElo "2292"]

1.d4 d5 2.c4 c6 3.Nc3 Nf6 4.e3 e6 5.Nf3 Nbd7 6.Bd3 dxc4 7.Bxc4 b5 8.Bd3 Bb7
9.e4 b4 10.Na4 c5 11.e5 Nd5 12.O-O cxd4 13.Re1 N5b6 14.Nxd4 Nxa4 15.Qxa4 Bc5
16.Be3 O-O 17.Rad1 Qe7 18.Nc6 Bxc6 19.Qxc6 Bxe3 20.Rxe3 Nc5 21.Bc2 Rfd8 22.Ree1 Rac8
23.Qb5 Nd7 24.Bb3 Qc5 25.Ba4 Qxb5 26.Bxb5 Nb6 27.Ba6 Rb8 28.Bb5 Rbc8 29.Ba6 Rb8
30.Bb5 Rbc8  1/2-1/2

[Event "Open"]
[Site "Bled SLO"]
[Date "2001.03.30"]
[Round "7"]
[White "Jovan,R"]
[Black "Asylguzhin,R"]
[Result "0-1"]
[WhiteElo "2125"]
[BlackElo "2354"]

1.d4 d5 2.c4 e6 3.Nc3 Nf6 4.Nf3 c6 5.e3 Nbd7 6.Bd3 dxc4 7.Bxc4 b5 8.Bd3 b4
9.Ne4 Nxe4 10.Bxe4 Bb7 11.O-O Qb6 12.Re1 c5 13.Bxb7 Qxb7 14.e4 cxd4 15.Qxd4 Nf6
16.Bg5 Rd8 17.Qc4 Be7 18.e5 Nd5 19.Qe4 O-O 20.Rad1 Rc8 21.Bxe7 Qxe7 22.Nd4 Rc4
23.Nf5 Qc5 24.Qd3 Rc2 25.Nd4 Rxb2 26.Rc1 Nc3 27.a3 a5 28.axb4 axb4 29.Nc2 Ra8
30.h3 h6 31.Ra1 Rba2 32.Rxa2 Nxa2 33.Ne3 Nc1 34.Qd6 Qc3 35.Rd1 b3 36.Qe7 b2
37.Rd7 Rf8 38.Ng4 b1=Q  0-1

[Event "Bundesliga 2000-1"]
[Site "Bremen GER"]
[Date "2001.03.31"]
[Round "12"]
[White "Pelletier,Y"]
[Black "Bewersdorff,O"]
[Result "1-0"]
[WhiteElo "2548"]
[BlackElo "2364"]

1.Nf3 Nf6 2.c4 e6 3.Nc3 d5 4.d4 c6 5.e3 Nbd7 6.Qc2 Bd6 7.Bd3 O-O 8.O-O dxc4
9.Bxc4 Qe7 10.Bb3 c5 11.Re1 b6 12.Nb5 Bb8 13.e4 Ba6 14.a4 cxd4 15.Nfxd4 Rc8
16.Qe2 Bb7 17.Bc2 a6 18.Nc3 Qd6 19.Nf3 Ng4 20.Rd1 Qc7 21.g3 Ba7 22.Nd4 Nge5
23.Bf4 Qc4 24.Qh5 Rc5 25.Bb3 g6 26.Qh6 Qxd4 27.Rxd4 Nf3+ 28.Kf1 Nxd4 29.Bd1 b5
30.axb5 axb5 31.Be3 e5 32.Ne2 Rc4 33.b3 Rcc8 34.Bxd4 Bxd4 35.Rxa8 Rxa8 36.Nxd4 exd4
37.Qd2 Nc5 38.Qxd4 Ne6 39.Qe5 b4 40.Be2 Rf8  1-0

[Event "TCh-FRA"]
[Site "Mulhouse FRA"]
[Date "2001.03.31"]
[Round "6"]
[White "Szabolcsi,J"]
[Black "Beikert,G"]
[Result "1/2-1/2"]
[WhiteElo "2410"]
[BlackElo "2443"]

1.d4 d5 2.Nf3 c6 3.c4 Nf6 4.Nc3 e6 5.e3 Nbd7 6.Bd3 dxc4 7.Bxc4 b5 8.Bd3 a6
9.O-O c5 10.a4 cxd4 11.exd4 b4 12.Ne4 Bb7 13.Qe2 Nxe4 14.Bxe4 Bxe4 15.Qxe4 Be7
16.Bf4 O-O 17.Rfc1 Nf6 18.Qd3 Nd5 19.Bg3 Qb6 20.a5 Qb7 21.Nd2 Rfc8 22.Ne4 Rc6
23.Rxc6 Qxc6 24.Nc5 Bxc5 25.Qc4 Ne7 26.dxc5 Nd5 27.Bd6 Ra7 28.h4 Rb7 29.Re1 b3
30.Qd3 Rb4 31.Qg3 Nf6 32.f3 Nd5 33.h5 h6 34.Re4 Ra4 35.Be5 f6 36.Bd6 e5 37.Qg4 Nf4
38.Rxa4 Qxa4 39.Kh2 Qe8 40.g3 Nxh5 41.Qe4 Qe6 42.Qa8+ Kh7 43.Qxa6 Qf5 44.Qe2 Qc2
45.Qg2 Qc4 46.Qf2 Qc2 47.Kg2 Qg6 48.Kh2 Qc2 49.Kg2 Qg6  1/2-1/2

[Event "It"]
[Site "Antalya TUR"]
[Date "2001.04.03"]
[Round "3"]
[White "Erdogan,H"]
[Black "Olcayoz,A"]
[Result "0-1"]
[WhiteElo "2299"]
[BlackElo "2339"]

1.d4 d5 2.c4 c6 3.Nc3 Nf6 4.Nf3 e6 5.e3 Nbd7 6.Be2 Bd6 7.O-O O-O 8.b3 Qe7
9.Bb2 Re8 10.h3 Ne4 11.Nxe4 dxe4 12.Nd2 f5 13.c5 Bc7 14.Nc4 Nf6 15.Ne5 Nd5
16.Rc1 Rd8 17.Qe1 Bd7 18.Nc4 Rf8 19.g3 Rf6 20.Ne5 g5 21.Bc4 Raf8 22.Rc2 Be8
23.f3 Rh6 24.fxe4 fxe4 25.Kg2 Rxf1 26.Kxf1 Rxh3 27.Kg2 Rh6 28.Ng4 Rg6 29.Nf2 h5
30.Nxe4 h4 31.Bd3 Rg7 32.g4 Bg6 33.Nf2 Bg3 34.Bxg6 Rxg6 35.Qe2 Bxf2 36.Qxf2 Rf6
37.Qe2 Qc7 38.Qe1 h3+ 39.Kh1 Rf3 40.Bc1 Qf7 41.Kh2 Nf6 42.Qg1 Nxg4+ 43.Qxg4 Qc7+  0-1

[Event "It"]
[Site "Antalya TUR"]
[Date "2001.04.03"]
[Round "3"]
[White "Arduman,C"]
[Black "Haznedaroglu,K"]
[Result "1/2-1/2"]
[WhiteElo "2375"]
[BlackElo "2357"]

1.d4 d5 2.c4 c6 3.Nc3 Nf6 4.e3 e6 5.Nf3 Nbd7 6.Qc2 Bd6 7.Bd3 dxc4 8.Bxc4 O-O
9.O-O Qe7 10.a3 e5 11.h3 Re8 12.Ba2 Nf8 13.dxe5 Bxe5 14.Nxe5 Qxe5 15.Bb1 Ng6
16.f4 Qc5 17.b4 Qb6 18.Kh2 a5 19.bxa5 Rxa5 20.e4  1/2-1/2

[Event "ch-CUB"]
[Site "Las Tunas CUB"]
[Date "2001.04.04"]
[Round "4"]
[White "Garcia Martinez,S"]
[Black "Abreu,A"]
[Result "1/2-1/2"]
[WhiteElo "2378"]
[BlackElo "2480"]

1.d4 d5 2.c4 c6 3.Nf3 Nf6 4.Nc3 e6 5.e3 Nbd7 6.Bd3 dxc4 7.Bxc4 b5 8.Bd3 Bb7
9.O-O b4 10.Ne4 Nxe4 11.Bxe4 Bd6 12.a3 a5 13.Bd2 O-O 14.axb4 axb4 15.Rc1 Qb6
16.Bb1 g6 17.e4 c5 18.Be3 Rfd8 19.Ng5 cxd4 20.Bxd4  1/2-1/2

[Event "56th ch-YUG"]
[Site "Herceg Novi YUG"]
[Date "2001.04.05"]
[Round "12"]
[White "Djukic,Ni"]
[Black "Kosic,D"]
[Result "0-1"]
[WhiteElo "2389"]
[BlackElo "2504"]

1.d4 d5 2.c4 c6 3.Nc3 Nf6 4.e3 e6 5.Nf3 Nbd7 6.Qc2 Bd6 7.g4 Bb4 8.Bd2 Qe7
9.Rg1 Bxc3 10.Bxc3 Ne4 11.Bd3 Nxc3 12.Qxc3 dxc4 13.Qxc4 c5 14.Rc1 b6 15.Be4 Rb8
16.Qa4 O-O 17.Qxa7 cxd4 18.Nxd4 Qb4+ 19.Kf1 e5 20.a3 Qd2 21.Nb3 Qxb2 22.Qa4 Nc5  0-1

[Event "ch-PHI"]
[Site "Quezon City PHI"]
[Date "2001.04.05"]
[Round "4"]
[White "Sales,J"]
[Black "Garma,C"]
[Result "0-1"]
[WhiteElo "2328"]
[BlackElo "2400"]

1.Nf3 Nf6 2.c4 c6 3.d4 d5 4.e3 e6 5.Nc3 Nbd7 6.Bd3 dxc4 7.Bxc4 b5 8.Bd3 a6
9.O-O c5 10.Qe2 Bb7 11.Rd1 Qc7 12.Bd2 Rc8 13.a3 Qb8 14.e4 cxd4 15.Nxd4 Bd6
16.Nf3 Ne5 17.Nxe5 Bxe5 18.h3 O-O 19.Rf1 Rfd8 20.Rad1 Rd7 21.f4 Bd4+ 22.Kh2 Rcd8
23.e5 Bxe5 24.fxe5 Rxd3 25.Bg5 Rxd1 26.Nxd1 Rd5 27.Bf4 Ne4 28.Nf2 Nxf2 29.Qxf2 Qd8
30.Bg5 Qd7 31.Qg3 Rd3 32.Be3 h6 33.Rf2 Kh7 34.Qf4 Qd5 35.h4 Qe4 36.Qxe4+ Bxe4
37.Bd2 f5 38.exf6 gxf6 39.Bc3 f5 40.Rd2 Re3 41.Rd7+ Kg6 42.Rg7+ Kh5 43.g3 Re2+
44.Kg1 a5 45.Kf1 Bd3 46.Kg1 e5 47.Re7 e4 48.Rg7 e3 49.Rg8 Be4 50.Kf1 Rc2
51.Bxa5 Bd3+ 52.Kg1 Be4 53.Kf1 Bg2+ 54.Ke1 Bf3 55.Kf1 Rh2  0-1

[Event "TCh-CHN Men"]
[Site "Suzhou, Jiangsu CHN"]
[Date "2001.04.05"]
[Round "10"]
[White "Li Zunian"]
[Black "Chi Fengtong"]
[Result "1-0"]
[WhiteElo "2413"]
[BlackElo "2229"]

1.Nf3 d5 2.c4 c6 3.e3 Nf6 4.Nc3 e6 5.d4 Be7 6.Bd3 dxc4 7.Bxc4 O-O 8.O-O b5
9.Bd3 a6 10.e4 Nbd7 11.Qc2 h6 12.Qe2 Re8 13.e5 Nd5 14.Qe4 f5 15.exf6 N7xf6
16.Qh4 c5 17.Ne5 cxd4 18.Bxh6 Bf8 19.Bg5 dxc3 20.Bh7+ Nxh7 21.Bxd8 Bb7 22.Qh5  1-0

[Event "Zone 3.1a"]
[Site "Tehran IRI"]
[Date "2001.04.05"]
[Round "1"]
[White "Mohammad,S"]
[Black "Hakki,I"]
[Result "1/2-1/2"]
[WhiteElo "2319"]
[BlackElo "2440"]

1.Nf3 d5 2.d4 Nf6 3.c4 c6 4.Nc3 e6 5.e3 Nbd7 6.Qc2 Bd6 7.Be2 O-O 8.O-O dxc4
9.Bxc4 b5 10.Bd3 Bb7 11.a4 b4 12.Ne4 Nxe4 13.Bxe4 Nf6 14.Bd3 c5 15.dxc5 Rc8
16.e4 Rxc5 17.Qe2 Qa8  1/2-1/2

[Event "Dos Hermanas Internet KO"]
[Site "ICC INT"]
[Date "2001.04.06"]
[Round "2.2"]
[White "Avrukh,B"]
[Black "Krivoshey,S"]
[Result "0-1"]
[WhiteElo "2630"]
[BlackElo "2483"]

1.d4 d5 2.c4 c6 3.Nc3 Nf6 4.e3 e6 5.Nf3 Nbd7 6.Bd3 dxc4 7.Bxc4 b5 8.Bd3 a6
9.e4 c5 10.e5 cxd4 11.Nxb5 Ng4 12.Qa4 Ngxe5 13.Nxe5 Nxe5 14.Nd6+ Ke7 15.Nxc8+ Rxc8
16.Bxa6 Ra8 17.Qb5 Qd5 18.Qxd5 exd5 19.Bb5 Kf6 20.O-O Bc5 21.Bf4 Nc4 22.Bc6 Ra6
23.Bb7 Rb6 24.Bxd5 Nxb2 25.Bc7 Ra6 26.Rab1 Ra7 27.Bg3 Na4 28.Rb5 Rc8 29.Bb7 Nc3
30.Rb2 Re8 31.Bf3 Rxa2 32.Rxa2 Nxa2 33.Ra1 Nc3 34.Kf1 g5 35.Ra6+ Re6 36.Ra8 Nb1
37.Ra2 Bb4 38.Be4 Rxe4 39.f3 Re6 40.Rb2 Nd2+ 41.Kf2 Bc3 42.Rc2 Ba5 43.h4 h6
44.hxg5+ hxg5 45.Rc5 Bb6 46.Rb5 d3+ 47.Rxb6 Rxb6 48.Bc7 Re6 49.Bd8+ Kg6 50.Ba5 Nc4
51.Bc3 d2 52.Bxd2 Nxd2  0-1

[Event "TCh-EST"]
[Site "Parnu/Tallinn EST"]
[Date "2001.04.06"]
[Round "?"]
[White "Kanep,M"]
[Black "Tsiganova,M"]
[Result "1-0"]
[WhiteElo "2292"]
[BlackElo "2239"]

1.d4 d5 2.c4 c6 3.Nf3 Nf6 4.Nc3 e6 5.e3 Nbd7 6.Qc2 Bd6 7.g4 h6 8.Bd2 Qe7
9.Rg1 dxc4 10.Bxc4 b5 11.Be2 a6 12.g5 hxg5 13.Rxg5 g6 14.e4 Nh7 15.e5 Nxg5
16.Bxg5 Qf8 17.exd6 Qxd6 18.Ne4 Qc7 19.Nf6+ Kf8 20.Nxd7+ Bxd7 21.Qc5+ Kg7
22.Qe7 Rae8 23.Qf6+ Kg8 24.Ne5 Bc8 25.h4 Bb7 26.h5 gxh5 27.Bh6  1-0

[Event "TCh-EST"]
[Site "Parnu/Tallinn EST"]
[Date "2001.04.06"]
[Round "?"]
[White "Rauk,T"]
[Black "Kanep,M"]
[Result "0-1"]
[WhiteElo "2256"]
[BlackElo "2292"]

1.d4 d5 2.c4 c6 3.Nf3 Nf6 4.Nc3 e6 5.e3 Nbd7 6.Bd3 dxc4 7.Bxc4 b5 8.Bd3 Bb7
9.O-O b4 10.Ne4 Be7 11.Nfd2 O-O 12.Nc4 c5 13.Ncd6 Bd5 14.Nxf6+ Nxf6 15.dxc5 Bxd6
16.cxd6 Qxd6 17.Qe2 Rfd8 18.Bc2 Qc6 19.f3 Bc4 20.Qf2 Bxf1 21.Kxf1 Rac8 22.Bb3 a5
23.Bd2 Qd6 24.Rd1 a4  0-1

[Event "It"]
[Site "Antalya TUR"]
[Date "2001.04.07"]
[Round "9"]
[White "Mastrovasilis,A"]
[Black "Haznedaroglu,K"]
[Result "1-0"]
[WhiteElo "2439"]
[BlackElo "2357"]

1.d4 d5 2.c4 c6 3.Nf3 Nf6 4.e3 e6 5.Nc3 Nbd7 6.Qc2 Bd6 7.e4 dxe4 8.Nxe4 Nxe4
9.Qxe4 Bb4+ 10.Bd2 Bxd2+ 11.Nxd2 O-O 12.O-O-O Qa5 13.Bd3 Nf6 14.Qh4 Qh5 15.Qxh5 Nxh5
16.Rhe1 Rd8 17.Nf3 Bd7 18.Kc2 Rac8 19.Ne5 Be8 20.Kc3 Nf6 21.g4 b6 22.f4 g6
23.g5 Nh5 24.Rf1 c5 25.Be2 cxd4+ 26.Rxd4 Rxd4 27.Kxd4 Ng7 28.Bd3 Bc6 29.b4 Kf8
30.a4 Ke7 31.a5 bxa5 32.b5 Be8 33.Ra1 Nh5 34.Ke3 f6 35.gxf6+ Nxf6 36.Rxa5 Rc7
37.Be2 h6 38.h4 Nd7 39.Nc6+ Kd6 40.Nxa7 Nb6 41.Kd4  1-0